| 000 | 00547nam a2200205Ia 4500 | ||
|---|---|---|---|
| 003 | OSt | ||
| 005 | 20250130144100.0 | ||
| 008 | 231217s9999 xx 000 0 und d | ||
| 020 | _a8187662441 | ||
| 040 | _c0 | ||
| 041 | _aEnglish | ||
| 082 | _a226.5 NAN;1 R | ||
| 100 | _aNankani, Sandhya, S. | ||
| 245 | 0 | _aMoments with the master : meetings with dada J P Vaswani | |
| 250 | _a1st ed. | ||
| 260 |
_c2002 _bGita Publishing house _aPune |
||
| 300 | _aviii, 208 | ||
| 650 | _aMoments,master,meetings,dada,J,P,Vaswani | ||
| 942 |
_cAA _2ddc |
||
| 999 |
_c196403 _d196403 |
||